| 000 | 00929ny a22002293n 4500 | ||
|---|---|---|---|
| 005 | 20240305165311.0 | ||
| 008 | 090129s2007 ck s 000 0 spa d | ||
| 020 | _a9586485056 | ||
| 035 | _a2488 | ||
| 040 |
_aUMA.RE _dvLex |
||
| 080 | _a336.1/.5(0.034) | ||
| 080 | _a657.6-055(0.034) | ||
| 090 |
_c73 _d73 |
||
| 100 | 1 | _aPeña Bermúdez, Jesús María | |
| 245 | 1 | 0 |
_aRevisoría fiscal _h[Recurso electrónico] _cJesús María Peña Bermúdez |
| 256 | _aServicio en línea | ||
| 260 |
_aBogotá : _bECOE, _c2007 |
||
| 506 | 1 |
_aContenido solo disponible en los productos indicados _dvLex Global _dvLex Global (Academic Edition, excluding Law Schools) _dvLex Global (U.S. Academic Edition, Law Schools) _dvLex Global (U.S. Academic Edition, excluding Law Schools) _dvLex Global (Academic Edition, Law Schools) |
|
| 740 | 0 | _avLex Libros (Servicios en línea) | |
| 856 | 4 | 0 | _uhttps://app.vlex.com/#/sources/2488 |
| 942 | _cRAA | ||
| 999 |
_c158613 _d158613 |
||